000 01336nam0a22002651 4500
001 v19\rc\1905209
005 20080404173649.7
035 _a(NLR Aleph) 004994195
090 _a6318065
_c6318065
100 _a20080404d1911 |||y0rusy50 ca
101 0 _arus
102 _aRU
105 _ay c |||||
200 1 _aУстав о векселях, высочайше утвержденный 27 мая 1902 года
_eС разъясн. в предм. алф. указ. по законодат. мотивам и решениям Гражд. кассац. деп. Правительствующего сената
_eСб. кассационных решений Прав. сената
_fСост. Г.В. Бертгольдт, присяж. пов.
205 _a[2-е изд.]. Неофиц. изд.
210 _aПермь
_cЕ.А. Кузес
_d1911
215 _a[4], 194 с.
300 _aОписано по обл. Тит. л. 1-го изд. с вых. дан.: М., 1904
532 1 1 _aУстав о векселях, высочайше утвержденный двадцать седьмого мая 1902 года
700 1 _aБертгольдт
_bГ. В.
_gГригорий Васильевич
_4220
801 0 _aRU
_bNLR
_gpsbo
801 1 _aRU
_bProSoft-M
_2rusmarc
852 _aNLR
_j66-5/2534
942 _cBOOK
980 _aNB